000 00621nam a2200229Ia 4500
003 OSt
005 20221007070828.0
006 a|||||r|||| 00| 0
007 ta
008 221006b |||||||| |||| 00| 0 eng d
024 _a28,537
037 _cTextual
040 _aFLL
_cFLL
_beng
041 _2eng
_aeng
082 _aZ73:86, J4.2
100 _aBelli Melvin M.
_948115
245 0 _aModern trials
260 _aIndianapolis
_bThe Bobbs-Merrill Company, Inc. Indianapolis
_c1954
300 _axvi,1861p
_ccm.
942 _hZ73:86, J4.2
_cTEXL
_2CC
999 _c1141659
_d1141659